Testimony of history / (Record no. 128911)
[ view plain ]
| 000 -LEADER | |
|---|---|
| fixed length control field | 01347cam a22003374a 4500 |
| 001 - CONTROL NUMBER | |
| control field | 13684402 |
| 003 - CONTROL NUMBER IDENTIFIER | |
| control field | ARRUPE |
| 005 - DATE AND TIME OF LATEST TRANSACTION | |
| control field | 20190208123734.0 |
| 008 - FIXED-LENGTH DATA ELEMENTS--GENERAL INFORMATION | |
| fixed length control field | 040811s2002 cc a c 000 0 eng |
| 010 ## - LIBRARY OF CONGRESS CONTROL NUMBER | |
| LC control number | 2004391967 |
| 020 ## - INTERNATIONAL STANDARD BOOK NUMBER | |
| International Standard Book Number | 7801138856 |
| 040 ## - CATALOGING SOURCE | |
| Original cataloging agency | DLC |
| Transcribing agency | DLC |
| Modifying agency | DLC |
| 041 1# - LANGUAGE CODE | |
| Language code of text/sound track or separate title | eng |
| Language code of original and/or intermediate translations of text | chi |
| 042 ## - AUTHENTICATION CODE | |
| Authentication code | pcc |
| 043 ## - GEOGRAPHIC AREA CODE | |
| Geographic area code | a-cc-ti |
| 050 00 - LIBRARY OF CONGRESS CALL NUMBER | |
| Classification number | SPC. DS786 |
| Item number | .Z462 2002 |
| 082 00 - DEWEY DECIMAL CLASSIFICATION NUMBER | |
| Classification number | 951/.5 |
| Edition number | 22 |
| 300 ## - PHYSICAL DESCRIPTION | |
| Other physical details | col. ill. ; |
| Dimensions | 29 cm. |
| 100 1# - MAIN ENTRY--PERSONAL NAME | |
| Personal name | Zhang, Yuxin. |
| 9 (RLIN) | 44420 |
| 245 10 - TITLE STATEMENT | |
| Title | Testimony of history / |
| Statement of responsibility, etc | compiled by Information Office of the State Council, People's Republic of China ; [writer Zhang Yuxin, translator Xiang Hongjia] |
| 250 ## - EDITION STATEMENT | |
| Edition statement | 1st ed. |
| 260 ## - PUBLICATION, DISTRIBUTION, ETC. (IMPRINT) | |
| Place of publication, distribution, etc | [Beijing] : |
| Name of publisher, distributor, etc | China Intercontinental Press, |
| Date of publication, distribution, etc | 2002 . |
| 300 ## - PHYSICAL DESCRIPTION | |
| Extent | 251 p. : |
| 500 ## - GENERAL NOTE | |
| General note | Materials included are selected from the exhibition "Pearl of the Snow Land" and supplemented by many other treasures. |
| 650 #0 - SUBJECT ADDED ENTRY--TOPICAL TERM | |
| Topical term or geographic name as entry element | Art objects |
| Geographic subdivision | China |
| -- | Tibet Autonomous Region |
| Form subdivision | Exhibitions. |
| 9 (RLIN) | 44421 |
| 651 #0 - SUBJECT ADDED ENTRY--GEOGRAPHIC NAME | |
| Geographic name | Tibet Autonomous Region (China) |
| General subdivision | History |
| Form subdivision | Exhibitions. |
| 9 (RLIN) | 44422 |
| 651 #0 - SUBJECT ADDED ENTRY--GEOGRAPHIC NAME | |
| Geographic name | Tibet Autonomous Region (China) |
| General subdivision | History |
| Form subdivision | Sources. |
| 9 (RLIN) | 44423 |
| 700 ## - ADDED ENTRY--PERSONAL NAME | |
| Personal name | Hongjia, Xiang |
| Relator term | tr. |
| 9 (RLIN) | 44527 |
| 710 1# - ADDED ENTRY--CORPORATE NAME | |
| Corporate name or jurisdiction name as entry element | China. |
| Subordinate unit | Guo wu yuan. |
| -- | Xin wen ban gong shi. |
| 9 (RLIN) | 44424 |
| 906 ## - LOCAL DATA ELEMENT F, LDF (RLIN) | |
| a | 7 |
| b | cbc |
| c | orignew |
| d | 2 |
| e | ncip |
| f | 20 |
| g | y-gencatlg |
| 942 ## - ADDED ENTRY ELEMENTS (KOHA) | |
| Source of classification or shelving scheme | Library of Congress Classification |
| Koha item type | SPC |
| Withdrawn status | Lost status | Source of classification or shelving scheme | Damaged status | Not for loan | Collection code | Home library | Current library | Shelving location | Date acquired | Total Checkouts | Full call number | Barcode | Date last seen | Price effective from | Koha item type |
|---|---|---|---|---|---|---|---|---|---|---|---|---|---|---|---|
| Library of Congress Classification | SPECIAL Collection | ARRUPE LIBRARY | ARRUPE LIBRARY | REFERENCE | 06/02/2019 | SPC. DS786 .Z462 2002 | 46600003634 | 06/02/2019 | 06/02/2019 | SPC |